000 00834nam a2200253 i 4500
001 18379
003 DO-SdUEMH
005 20260216162304.0
007 ta
008 260205b2009 dr a|||gr|||| 00| 0 spa d
020 _a9789993499695
040 _aDO-SdUEMH
_bspa
_erda
041 _aspa
082 1 4 _mRD
_bR426p
245 1 0 _aPlan nacional de la república dominicana :
_bpara la implementación del convenio de estocolmo sobre contaminantes orgánicos persistentes /
264 0 1 _aSanto Domingo :
_bSecretaria de Estado de medio Ambiente Recursos Naturales,
_c2009
264 1 4 _c©2009
300 _a166 paginas :
_bilustraciones ;
_c28 cm.
336 _2rdacontent
_atexto
_btxt
337 _2rdamedia
_asin mediación
_bn
338 _2rdacarrier
_avolumen
_bnc
504 _aBibliografías en pagina 166
942 _2ddc
_n0
_cBK
999 _c18379
_d18379